2010s Cartoons by Picture - Statistics

General Stats
  • This quiz has been taken 1,755 times
  • The average score is 13 of 25
Answer Stats
Picture Answer % Correct
Adventure Time
93%
Rick and Morty
90%
The Amazing World of Gumball
90%
Gravity Falls
78%
Teen Titans Go!
78%
BoJack Horseman
77%
Bob's Burgers
69%
The Loud House
69%
Regular Show
68%
Steven Universe
68%
Big Mouth
66%
Clarence
58%
Uncle Grandpa
56%
We Bare Bears
54%
The Legend of Korra
45%
Craig of the Creek
37%
Star vs. The Forces of Evil
33%
Over The Garden Wall
26%
Disenchantment
21%
Wander Over Yonder
17%
Infinity Train
15%
The Dragon Prince
14%
OK K.O.! Let's Be Heroes
13%
Harvey Beaks
12%
Penn Zero: Part-Time Hero
7%
No matching quizzes found
Score Distribution
Percent of People with Each Score
Percentile by Number Answered
Your Score History
You have not taken this quiz